[Event "LSS RM-2010-0-00068"]
[Site "LSS email"]
[Date "2011.02.16"]
[Round "?"]
[White "Meissner, Ruediger"]
[Black "Vidalina, Franjo"]
[Result "0-1"]
[WhiteElo "2088"]
[BlackElo "2289"]
[PlyCount "112"]
[EventDate "2010.11.30"]
[EventType "tourn (corr)"]
[EventRounds "6"]
[EventCountry "GER"]
[SourceTitle "Telechess CBM 147"]
[Source "ChessBase"]
[SourceDate "2012.03.16"]
[SourceVersion "1"]
[SourceVersionDate "2012.03.16"]
[SourceQuality "1"]

1. e4 e5 2. Nf3 Nc6 3. Bc4 Bc5 4. c3 Nf6 5. d3 a6 6. Nbd2 d6 7. Bb3 0-0 8. h3 Ba7 9. 0-0 h6 10. Re1 Nh5 11. Nc4 Qf6 12. Ne3 Nf4 13. Nd5 Nxd5 14. exd5 Ne7 15. d4 exd4 16. Nxd4 Bd7 17. Be3 Rfe8 18. Kh1 Ng6 19. Bc2 Re7 20. Qd3 Rae8 21. Rf1 Bxd4 22. Qxd4 Re5 23. Kh2 Nh4 24. Rg1 Bf5 25. Bd1 Be4 26. f4 Rxd5 27. Qxf6 gxf6 28. Bb3 Rd3 29. Bf2 Ng6 30. Rae1 f5 31. Be3 Bd5 32. Bxd5 Rxd5 33. Bc1 Re4 34. Re3 Kh7 35. g3 Rxe3 36. Bxe3 Rd3 37. Bc1 Nf8 38. Re1 Nd7 39. Kg2 Nf6 40. Be3 Nd5 41. Bc1 b5 42. a3 h5 43. Rf1 Kg6 44. Re1 Nf6 45. Be3 h4 46. gxh4 Kh5 47. Bc1 c6 48. Be3 Kxh4 49. Bf2+ Kh5 50. Be3 a5 51. Re2 a4 52. Re1 Nd5 53. Bc1 Nb6 54. Rf1 f6 55. Rg1 Nc4 56. Rf1 Kh4 0-1

[Event "LSS RM-2010-0-00068"]
[Site "LSS email"]
[Date "2011.02.16"]
[Round "?"]
[White "Vidalina, Franjo"]
[Black "Fages, Jorge Juan"]
[Result "0-1"]
[WhiteElo "2289"]
[BlackElo "2149"]
[PlyCount "26"]
[EventDate "2010.11.30"]
[EventType "tourn (corr)"]
[EventRounds "6"]
[EventCountry "GER"]
[SourceTitle "Corr 2015"]
[Source "ChessBase"]
[SourceDate "2015.07.17"]
[SourceVersion "1"]
[SourceVersionDate "2015.07.17"]
[SourceQuality "1"]

1. e4 c5 2. c3 d6 3. d4 Nf6 4. Bd3 g6 5. Nf3 Bg7 6. 0-0 0-0 7. h3 Qc7 8. Bf4 Nh5 9. Be3 Nc6 10. Nbd2 e5 11. dxc5 dxc5 12. Bxc5 Rd8 13. Qe2 Nf4 0-1

[Event "LSS CP-2007-Q-00016"]
[Site "LSS email"]
[Date "2009.01.15"]
[Round "?"]
[White "Vidalina, Franjo"]
[Black "Rook, Detlef"]
[Result "0-1"]
[WhiteElo "2318"]
[BlackElo "2042"]
[PlyCount "26"]
[EventDate "2009.01.15"]
[EventType "tourn (corr)"]
[EventRounds "6"]
[EventCountry "GER"]
[SourceTitle "Corr 2013"]
[Source "ChessBase"]
[SourceDate "2012.11.12"]
[SourceVersion "1"]
[SourceVersionDate "2012.11.12"]
[SourceQuality "1"]
[WhiteTeam "US of America"]
[BlackTeam "US of America"]
[WhiteTeamCountry "USA"]
[BlackTeamCountry "USA"]

1. e4 e6 2. d4 d5 3. Nc3 Bb4 4. a3 Bxc3+ 5. bxc3 dxe4 6. Qg4 Nf6 7. Qxg7 Rg8 8. Qh6 c5 9. Ne2 Rg6 10. Qe3 Nc6 11. dxc5 e5 12. Ng3 Qa5 13. Rb1 Ng4 0-1

[Event "LSS ST-2008-0-00039"]
[Site "LSS email"]
[Date "2008.11.17"]
[Round "?"]
[White "Vidalina, Franjo"]
[Black "Domanov, Dmitry"]
[Result "0-1"]
[WhiteElo "2318"]
[BlackElo "2409"]
[PlyCount "38"]
[EventDate "2008.10.16"]
[EventType "tourn (corr)"]
[EventRounds "6"]
[EventCountry "GER"]
[SourceTitle "Corr 2011"]
[Source "ChessBase"]
[SourceDate "2010.08.31"]
[SourceVersion "1"]
[SourceVersionDate "2010.08.31"]
[SourceQuality "1"]

1. e4 c5 2. d4 cxd4 3. c3 dxc3 4. Nxc3 Nc6 5. Nf3 e6 6. Bc4 a6 7. 0-0 Nge7 8. Bg5 h6 9. Be3 b5 10. Be2 Ng6 11. Re1 Be7 12. a4 bxa4 13. Nxa4 Rb8 14. Qd2 Bb4 15. Nc3 0-0 16. h3 a5 17. Red1 Qe7 18. Rac1 Rd8 19. Ne1 d5 0-1

[Event "LSS BI-2008-P-00004"]
[Site "LSS email"]
[Date "2008.04.27"]
[Round "?"]
[White "De Waele, Willy"]
[Black "Vidalina, Franjo"]
[Result "1/2-1/2"]
[WhiteElo "1777"]
[BlackElo "2238"]
[PlyCount "68"]
[EventDate "2008.04.27"]
[EventType "tourn (corr)"]
[EventRounds "10"]
[EventCountry "GER"]
[SourceTitle "Corr 2011"]
[Source "ChessBase"]
[SourceDate "2010.08.31"]
[SourceVersion "1"]
[SourceVersionDate "2010.08.31"]
[SourceQuality "1"]

1. e4 c5 2. Nf3 Nc6 3. d4 cxd4 4. Nxd4 Nf6 5. Nc3 e5 6. Ndb5 d6 7. Bg5 a6 8. Na3 b5 9. Bxf6 gxf6 10. Nd5 f5 11. Bd3 Be6 12. 0-0 Rg8 13. c4 fxe4 14. Bxe4 Nd4 15. cxb5 axb5 16. Qd3 f5 17. Bf3 Rb8 18. Rfe1 Kd7 19. Nc2 Nxc2 20. Qxc2 e4 21. Bxe4 fxe4 22. Qxe4 Bxd5 23. Qxd5 Qg5 24. Qf3 Be7 25. g3 Qf6 26. Qe3 Ke8 27. Rad1 Rg7 28. Rd4 Rf7 29. Rf4 Qg7 30. Qa7 Rd8 31. Rfe4 d5 32. Re5 Kf8 33. Qa5 Rb8 34. R1e2 Bf6 1/2-1/2

[Event "LSS BI-2008-P-00004"]
[Site "LSS email"]
[Date "2008.04.27"]
[Round "?"]
[White "Iacobitz, Lucian Valentin"]
[Black "Vidalina, Franjo"]
[Result "0-1"]
[WhiteElo "1561"]
[BlackElo "2238"]
[PlyCount "110"]
[EventDate "2008.04.27"]
[EventType "tourn (corr)"]
[EventRounds "10"]
[EventCountry "GER"]
[SourceTitle "Corr 2011"]
[Source "ChessBase"]
[SourceDate "2010.08.31"]
[SourceVersion "1"]
[SourceVersionDate "2010.08.31"]
[SourceQuality "1"]

1. e4 c5 2. Nf3 Nc6 3. d4 cxd4 4. Nxd4 Nf6 5. Nc3 e5 6. Ndb5 d6 7. Bg5 a6 8. Na3 b5 9. Nd5 Be7 10. Bxf6 Bxf6 11. c3 Ne7 12. Nxf6+ gxf6 13. Qf3 f5 14. Nc2 Bb7 15. Bd3 d5 16. 0-0-0 Qb6 17. exd5 e4 18. Bxe4 Qh6+ 19. Kb1 fxe4 20. Qxe4 Qg6 21. Qe5 Kd7 22. d6 Nf5 23. Ka1 Rhe8 24. Qc5 Rec8 25. Qe5 Qe6 26. Qf4 Rc4 27. Qg5 h6 28. Qc1 Bxg2 29. Rhe1 Re4 30. Nb4 Nxd6 31. Nd3 Qf5 32. Qxh6 Rae8 33. Rg1 Rg4 34. Ne1 Re6 35. Qd2 Be4 36. Rf1 Rf4 37. f3 Bxf3 38. Ng2 Bxd1 39. Nxf4 Re4 40. Qf2 Bg4 41. Qa7+ Ke8 42. Qf2 a5 43. h3 Bxh3 44. Nxh3 Qxh3 45. Rd1 Qe6 46. Qg1 Re2 47. Qh1 Qe4 48. Qg1 Kd7 49. Qa7+ Ke6 50. Qg1 Qc2 51. Rb1 a4 52. Qg4+ f5 53. Qg8+ Kd7 54. a3 Qe4 55. Qg1 f4 0-1

[Event "LSS BI-2008-P-00004"]
[Site "LSS email"]
[Date "2008.04.27"]
[Round "?"]
[White "Vidalina, Franjo"]
[Black "Metz, Patrick"]
[Result "1-0"]
[WhiteElo "2238"]
[BlackElo "774"]
[PlyCount "35"]
[EventDate "2008.04.27"]
[EventType "tourn (corr)"]
[EventRounds "10"]
[EventCountry "GER"]
[SourceTitle "Corr 2011"]
[Source "ChessBase"]
[SourceDate "2010.08.31"]
[SourceVersion "1"]
[SourceVersionDate "2010.08.31"]
[SourceQuality "1"]

1. e4 e5 2. Nf3 Nc6 3. d4 exd4 4. Nxd4 Nf6 5. Nc3 Bb4 6. Nxc6 Bxc3+ 7. bxc3 bxc6 8. Bd3 0-0 9. 0-0 Re8 10. Re1 Rb8 11. e5 Nd5 12. c4 Ne7 13. Qh5 g6 14. Qh6 Nf5 15. Bxf5 gxf5 16. Bg5 Re7 17. Bf6 Qf8 18. Qg5+ 1-0

[Event "LSS BI-2007-F-00003"]
[Site "LSS email"]
[Date "2008.02.15"]
[Round "?"]
[White "Bendig, Frank"]
[Black "Vidalina, Franjo"]
[Result "1-0"]
[WhiteElo "2314"]
[BlackElo "2220"]
[PlyCount "39"]
[EventDate "2008.02.15"]
[EventType "tourn (corr)"]
[EventRounds "10"]
[EventCountry "GER"]
[SourceTitle "Corr 2011"]
[Source "ChessBase"]
[SourceDate "2010.08.31"]
[SourceVersion "1"]
[SourceVersionDate "2010.08.31"]
[SourceQuality "1"]

1. d4 Nf6 2. c4 c5 3. d5 b5 4. cxb5 a6 5. bxa6 g6 6. g3 Bxa6 7. Bg2 d6 8. b3 Bg7 9. Bb2 0-0 10. Nh3 Nbd7 11. 0-0 Qb8 12. Bc3 c4 13. b4 Bb7 14. a4 Qc8 15. e4 Ne5 16. Nf4 Bh6 17. b5 Bxf4 18. gxf4 Nd3 19. a5 Nh5 20. f5 1-0

[Event "LSS BI-2007-F-00003"]
[Site "LSS email"]
[Date "2008.02.15"]
[Round "?"]
[White "Garcia, Manuel Valentim Per"]
[Black "Vidalina, Franjo"]
[Result "0-1"]
[WhiteElo "2100"]
[BlackElo "2291"]
[PlyCount "104"]
[EventDate "2008.02.15"]
[EventType "tourn (corr)"]
[EventRounds "10"]
[EventCountry "GER"]
[SourceTitle "Corr 2013"]
[Source "ChessBase"]
[SourceDate "2012.11.12"]
[SourceVersion "1"]
[SourceVersionDate "2012.11.12"]
[SourceQuality "1"]
[WhiteTeam "US of America"]
[BlackTeam "US of America"]
[WhiteTeamCountry "USA"]
[BlackTeamCountry "USA"]

1. d4 Nf6 2. c4 c5 3. d5 b5 4. cxb5 a6 5. e3 Bb7 6. Nc3 axb5 7. Bxb5 Qa5 8. Nge2 Nxd5 9. 0-0 Nc7 10. Bc4 Nc6 11. Bd2 Qb6 12. Nd5 Nxd5 13. Bxd5 e6 14. Qb3 Qc7 15. Bf3 Bd6 16. Ng3 0-0 17. Rfc1 Be7 18. Bc3 g6 19. e4 Ra7 20. Nf1 Ne5 21. Bxe5 Qxe5 22. Qc3 Qg7 23. Qd2 Bc6 24. Rc2 Rb8 25. a3 Rab7 26. Rb1 Rb3 27. Ne3 Qd4 28. Nc4 Rd3 29. Qf4 d6 30. Na5 Bd7 31. Nc4 Ba4 32. Rcc1 Bb5 33. b3 Bxc4 34. bxc4 Rxb1 35. Rxb1 Rxa3 36. Qc1 Ra4 37. g3 Rxc4 38. Qb2 Qxb2 39. Rxb2 Bf6 40. Rd2 Be5 41. Kf1 Ra4 42. Bg2 g5 43. Ke2 Kg7 44. f3 c4 45. Ke3 f5 46. Ke2 Kf6 47. Kf2 f4 48. Bf1 d5 49. exd5 exd5 50. gxf4 Bxf4 51. Rxd5 c3 52. Bd3 Ra2+ 0-1

[Event "LSS BI-2007-F-00003"]
[Site "LSS email"]
[Date "2008.02.15"]
[Round "?"]
[White "Kolus, Wojciech"]
[Black "Vidalina, Franjo"]
[Result "1/2-1/2"]
[WhiteElo "2113"]
[BlackElo "2220"]
[PlyCount "65"]
[EventDate "2008.02.15"]
[EventType "tourn (corr)"]
[EventRounds "10"]
[EventCountry "GER"]
[SourceTitle "Corr 2011"]
[Source "ChessBase"]
[SourceDate "2010.08.31"]
[SourceVersion "1"]
[SourceVersionDate "2010.08.31"]
[SourceQuality "1"]

1. d4 Nf6 2. Nf3 c5 3. d5 b5 4. c4 g6 5. cxb5 a6 6. Qc2 axb5 7. Qxc5 e6 8. d6 Nc6 9. Nbd2 Qa5 10. Nd4 Nxd4 11. Qxd4 Bg7 12. e4 0-0 13. b4 Qa4 14. Bb2 Bb7 15. Bd3 Ne8 16. e5 Bxg2 17. Rg1 Bd5 18. Qc5 Qa7 19. Ne4 Qxc5 20. bxc5 Ra5 21. a3 f6 22. Bc3 Ra4 23. exf6 Nxf6 24. Nxf6+ Bxf6 25. Bxf6 Rxf6 26. Rg3 b4 27. Bb5 Ra7 28. a4 Kg7 29. Rg4 b3 30. Rb4 Rb7 31. Rc1 Rf5 32. Rc3 Rb8 33. h3 1/2-1/2

[Event "LSS BI-2007-F-00003"]
[Site "LSS email"]
[Date "2008.02.15"]
[Round "?"]
[White "Vidalina, Franjo"]
[Black "Salzmann, Stefan"]
[Result "1-0"]
[WhiteElo "2220"]
[BlackElo "2249"]
[PlyCount "79"]
[EventDate "2008.02.15"]
[EventType "tourn (corr)"]
[EventRounds "10"]
[EventCountry "GER"]
[SourceTitle "Corr 2011"]
[Source "ChessBase"]
[SourceDate "2010.08.31"]
[SourceVersion "1"]
[SourceVersionDate "2010.08.31"]
[SourceQuality "1"]

1. e4 e5 2. Nf3 Nc6 3. d4 exd4 4. Nxd4 Bc5 5. Nxc6 Qf6 6. Qd2 dxc6 7. Nc3 Bd4 8. Bd3 Ne7 9. 0-0 Ng6 10. Ne2 Bb6 11. Qc3 Ne5 12. Nf4 Bd4 13. Qb3 0-0 14. Be2 Ng6 15. Qg3 Nxf4 16. Bxf4 Bxb2 17. Rad1 Re8 18. Bxc7 Bf5 19. f3 Qc3 20. Bd3 Be6 21. a4 b6 22. f4 Qd4+ 23. Kh1 Qxa4 24. f5 Bc4 25. f6 g6 26. e5 Bxd3 27. cxd3 Ba3 28. d4 Bf8 29. Bd6 Bxd6 30. exd6 h5 31. d7 Red8 32. Qc7 a5 33. h3 Qb3 34. Rde1 Qc4 35. Rf4 Kh7 36. Rh4 Qd5 37. Re7 Kh6 38. Qf4+ Qg5 39. Qf2 Qf5 40. Qd2+ 1-0

[Event "LSS WC-2010-S-00005"]
[Site "LSS email"]
[Date "2007.12.15"]
[Round "?"]
[White "Herbst, Bernd"]
[Black "Vidalina, Franjo"]
[Result "0-1"]
[WhiteElo "2289"]
[BlackElo "2258"]
[PlyCount "62"]
[EventDate "2007.12.15"]
[EventType "tourn (corr)"]
[EventRounds "10"]
[EventCountry "GER"]
[SourceTitle "Corr 2011"]
[Source "ChessBase"]
[SourceDate "2010.08.31"]
[SourceVersion "1"]
[SourceVersionDate "2010.08.31"]
[SourceQuality "1"]

1. Nf3 Nf6 2. d4 c5 3. d5 b5 4. e3 Qa5+ 5. Bd2 b4 6. c4 g6 7. Bd3 Bg7 8. Na3 Qb6 9. Nc2 0-0 10. 0-0 d6 11. e4 Nh5 12. Rb1 Nd7 13. g4 Nhf6 14. Ne3 Qc7 15. a3 a5 16. h3 Nb6 17. Qc2 Rb8 18. b3 h5 19. Nh2 Bd7 20. a4 Qc8 21. Qd1 e5 22. dxe6 Bxe6 23. f4 Qb7 24. Qf3 Bc8 25. gxh5 Nxh5 26. f5 Qe7 27. Nhg4 Bd4 28. fxg6 fxg6 29. Qxf8+ Qxf8 30. Rxf8+ Kxf8 31. Rf1+ Kg7 0-1

[Event "LSS WC-2010-S-00005"]
[Site "LSS email"]
[Date "2007.12.15"]
[Round "?"]
[White "Vidalina, Franjo"]
[Black "Evans, Gordon R"]
[Result "1/2-1/2"]
[WhiteElo "2258"]
[BlackElo "2410"]
[PlyCount "101"]
[EventDate "2007.12.15"]
[EventType "tourn (corr)"]
[EventRounds "10"]
[EventCountry "GER"]
[SourceTitle "Corr 2011"]
[Source "ChessBase"]
[SourceDate "2010.08.31"]
[SourceVersion "1"]
[SourceVersionDate "2010.08.31"]
[SourceQuality "1"]

1. e4 e5 2. Nf3 Nc6 3. Bb5 a6 4. Ba4 Nf6 5. 0-0 Be7 6. Re1 b5 7. Bb3 0-0 8. a4 b4 9. d3 d6 10. Nbd2 Na5 11. Ba2 Be6 12. Bxe6 fxe6 13. d4 exd4 14. Nxd4 Qd7 15. Qe2 c5 16. N4f3 Nh5 17. Nc4 Nxc4 18. Qxc4 d5 19. Qe2 Bd6 20. Ng5 g6 21. g3 Rfe8 22. g4 Ng7 23. Qd3 Be5 24. Nf3 Bc7 25. b3 Rf8 26. Kg2 Qf7 27. Qe2 Bf4 28. h3 d4 29. e5 Ne8 30. Bxf4 Qxf4 31. Qe4 Qxe4 32. Rxe4 Nc7 33. Ree1 h6 34. Nd2 Nd5 35. Ne4 Rac8 36. Nd6 Rc7 37. Rad1 Nf4+ 38. Kg3 g5 39. Rh1 Ng6 40. Rhe1 Kg7 41. Rd3 Rd8 42. Nc4 Nf4 43. Rf3 Rf7 44. Nd6 Rff8 45. a5 Kg6 46. Re4 Nd5 47. Rxf8 Rxf8 48. Re2 h5 49. gxh5+ Kxh5 50. Rd2 Ne7 51. Ne4 1/2-1/2

[Event "LSS SH-2007-0-00153"]
[Site "LSS email"]
[Date "2007.11.05"]
[Round "?"]
[White "Vidalina, Franjo"]
[Black "Bernal Varela, Nelson"]
[Result "1-0"]
[WhiteElo "2254"]
[BlackElo "2174"]
[PlyCount "97"]
[EventDate "2007.11.04"]
[EventType "tourn (corr)"]
[EventRounds "6"]
[EventCountry "GER"]
[SourceTitle "Corr 2011"]
[Source "ChessBase"]
[SourceDate "2010.08.31"]
[SourceVersion "1"]
[SourceVersionDate "2010.08.31"]
[SourceQuality "1"]

1. e4 c5 2. Nf3 d6 3. d4 cxd4 4. Nxd4 Nf6 5. Nc3 a6 6. f3 e5 7. Nb3 Be6 8. Be3 Be7 9. Qd2 Nbd7 10. g4 b5 11. 0-0-0 0-0 12. g5 b4 13. Ne2 Ne8 14. f4 a5 15. f5 a4 16. Nbd4 exd4 17. Nxd4 b3 18. Kb1 bxa2+ 19. Ka1 Nc5 20. fxe6 fxe6 21. Nc6 Qd7 22. Nxe7+ Qxe7 23. Bxc5 dxc5 24. Bc4 Rf7 25. Kxa2 Rb8 26. Rhf1 Qb7 27. Qc3 Re7 28. Rd5 Nc7 29. Rxc5 Qxe4 30. Re1 Qb7 31. Qe5 Rd8 32. Bd3 Rxd3 33. cxd3 Qb3+ 34. Kb1 Qxd3+ 35. Rc2 a3 36. Qc5 Nd5 37. Qxa3 Qf5 38. h4 h6 39. gxh6 Rc7 40. Ree2 gxh6 41. Qa4 Rxc2 42. Rxc2 Kf7 43. Qd4 Nf4 44. b4 Kg6 45. Kb2 Kh5 46. Rc5 e5 47. Ka3 Ng6 48. b5 Qf1 49. Kb2 1-0

[Event "IECG CM.2007.0.00315"]
[Site "IECG email"]
[Date "2007.11.04"]
[Round "?"]
[White "Kireev, Sergey Ivanovich"]
[Black "Vidalina, Franjo"]
[Result "1/2-1/2"]
[WhiteElo "2263"]
[BlackElo "2254"]
[PlyCount "46"]
[EventDate "2007.11.04"]
[EventType "tourn (corr)"]
[EventRounds "6"]
[SourceTitle "Corr 2024"]
[Source "ChessBase"]
[SourceDate "2023.10.19"]
[SourceVersion "1"]
[SourceVersionDate "2023.10.19"]
[SourceQuality "1"]

1. e4 c5 2. Nf3 Nc6 3. c3 d5 4. exd5 Qxd5 5. d4 Nf6 6. Be2 cxd4 7. cxd4 e6 8. 0-0 Bd7 9. Nc3 Qa5 10. Bf4 Be7 11. a3 0-0 12. b4 Qb6 13. Rc1 a6 14. Bd3 Nd5 15. Nxd5 exd5 16. Re1 Rfe8 17. Qb3 Be6 18. Qb1 h6 19. Bh7+ Kh8 20. Bf5 Bf6 21. Be5 Bxf5 22. Qxf5 Nxd4 23. Nxd4 Bxe5 1/2-1/2